Ignacio Bernal. (Record no. 29130)
[ view plain ]
| 000 -CABECERA | |
|---|---|
| campo de control de longitud fija | 00720nam a2200205 a 4500 |
| 005 - FECHA Y HORA DE LA ÚLTIMA TRANSACCIÓN | |
| campo de control | 20210223122101.0 |
| 008 - ELEMENTOS DE LONGITUD FIJA--INFORMACIÓN GENERAL | |
| campo de control de longitud fija | 991125n198 mx 000 0 spa u |
| 035 ## - NÚMERO DE CONTROL DEL SISTEMA | |
| Número de control de sistema | UPN01000029130 |
| 049 ## - COLECCIÓN | |
| Colección | AV |
| 099 ## - CLASIFICACIÓN LOCAL | |
| Clasificación local | PVI C 0621 |
| 245 10 - MENCIÓN DE TÍTULO | |
| Título | Ignacio Bernal. |
| 260 ## - PUBLICACIÓN, DISTRIBUCIÓN, ETC. | |
| Lugar de publicación, distribución, etc. | México : |
| Nombre del editor, distribuidor, etc. | CNCA : |
| -- | SEP, Televisión Educativa, |
| Fecha de publicación, distribución, etc. | [198-]. |
| 300 ## - DESCRIPCIÓN FÍSICA | |
| Extensión | 1 videocasete (VHS) (28 min.) |
| 440 #4 - MENCIÓN DE SERIE/ASIENTO SECUNDARIO--TÍTULO | |
| Título | Los nuestros ; |
| Designación de volumen o secuencia | 4 |
| 501 ## - NOTA DE "CON" | |
| Nota de “Con” | Con: Ana Mérida -- Eduardo Mata |
| 520 ## - NOTA DE RESUMEN, ETC. | |
| Sumario, etc. | Ignacio Bernal, destacado arqueólogo mexicano que ha sido punta de lanza del estudio de las raíces de nuestra cultura |
| 520 ## - NOTA DE RESUMEN, ETC. | |
| Sumario, etc. | Realización: Benjamín Estavillo |
| 600 14 - ASIENTO SECUNDARIO DE MATERIA - NOMBRE PERSONAL | |
| Nombre de persona | BERNAL GARCIA, IGNACIO, |
| Fechas asociadas al nombre | 1910-1992 |
| 9 (RLIN) | 3869 |
| 905 ## - TIPO DE MATERIAL | |
| Tipo de material | Audiovisuales |
No items available.
